[Event "Sparkasse GM"]
[Site "Dortmund"]
[Date "1998.??.??"]
[Round "?"]
[White "Trabert, Bettina"]
[Black "Mainka, Romuald"]
[Result "1/2-1/2"]
[WhiteElo "2200"]
[BlackElo "2500"]

1.e4 c5 2.c3 Nf6 3.e5 Nd5 4.d4 cxd4 5.Nf3 e6 6.cxd4 d6 7.a3 Bd7 8.Bd3 Bc6
9.O-O Nd7 10.Re1 dxe5 11.Nxe5 Nxe5 12.dxe5 Bc5 13.Nc3 Nxc3 14.bxc3 Qd5 15.Be4 Qxd1
16.Bxc6+ Qd7 17.Bxd7+ Kxd7 18.Be3 Rhc8 19.Rab1 b6 20.Rb3 Bxe3 21.Rxe3 Rc4
22.Kf1 Rac8 23.Ke2 R8c5 24.Kd3 Rf4 25.f3 Rf5 26.c4 Rfxe5 27.Rxe5 Rxe5 28.f4 Rh5
29.h3 Kc6 30.Kd4 Ra5 31.g4 h5 32.g5 g6 33.h4 a6 34.Rc3 Rf5 35.Ke4 Rc5 36.Kd4 Kd6
37.Rb3 b5 38.cxb5 axb5 39.Rb4 e5+ 40.fxe5+ Rxe5 41.a4 bxa4 42.Rxa4 Re1 43.Ra6+ Ke7
44.Kd5 Rf1 45.Ra7+ Kf8 46.Ke5 Re1+ 47.Kf4 Rb1 48.Kg3 Rb3+ 49.Kg2 Ke8 50.Kh2 Re3
51.Kg2 Rd3 52.Rb7 Ra3 53.Rc7 Ra4 54.Kg3 Rg4+ 55.Kh3 Rd4 56.Kg3 Rd3+ 57.Kg2 Rd4
58.Kg3 Rd7 59.Rxd7 Kxd7 60.Kf3 Kd6  1/2-1/2

[Event "Sparkasse GM"]
[Site "Dortmund"]
[Date "1998.??.??"]
[Round "?"]
[White "Trabert, Bettina"]
[Black "Bojkovic, Natasa"]
[Result "0-1"]
[WhiteElo "2200"]
[BlackElo "2420"]

1.e4 c5 2.c3 Nf6 3.e5 Nd5 4.d4 cxd4 5.Nf3 e6 6.cxd4 d6 7.a3 Bd7 8.Bd3 Bc6
9.O-O Nd7 10.Re1 dxe5 11.dxe5 Nc5 12.Bc2 a5 13.Nd4 Be7 14.Nxc6 bxc6 15.Qg4 Kf8
16.Nd2 Rb8 17.b3 g6 18.Qf3 Kg7 19.Nc4 Rg8 20.Bd2 Nb7 21.Qh3 Bg5 22.Bxg5 Qxg5
23.Qg3 h6 24.Rad1 Qxg3 25.hxg3 Ra8 26.f4 Rgb8 27.Rd3 h5 28.Kh2 Nc5 29.Rf3 Nd7
30.Rc1 Ra7 31.Bd1 Ne7 32.Nd6 Nb6 33.Rc5 Nbd5 34.Rd3 h4 35.Rf3 hxg3+ 36.Kxg3 Rh8
37.Nc4 Rh1 38.Bc2 Rc1 39.Be4 Nc3 40.Bd3 Rd7 41.Rxa5 Nb5 42.Kf2 Nd5 43.Be4 Nd4
44.Rg3 Nc3 45.Bf3 Rc2+ 46.Kg1 Nde2+ 47.Kh2 Nxg3 48.Kxg3 Rd3 49.Kg4 Rc1 50.Nd6 Nd5
51.g3 Ne3+ 52.Kg5  0-1

[Event "Dresden zt (Women)"]
[Site "Dresden"]
[Date "1998.??.??"]
[Round "3"]
[White "Werner, Veronika"]
[Black "Puljek Salai, Zorica"]
[Result "1-0"]
[WhiteElo "2225"]
[BlackElo "2195"]

1.e4 c5 2.c3 Nf6 3.e5 Nd5 4.d4 cxd4 5.Nf3 Nc6 6.Bc4 Nb6 7.Bb3 g6 8.cxd4 d5
9.O-O Bg4 10.Be3 Bg7 11.Nc3 O-O 12.h3 Bxf3 13.Qxf3 e6 14.Rfe1 a6 15.Rad1 Rc8
16.Qg3 Na5 17.Bg5 Qc7 18.Rc1 Qd7 19.Bd1 Rc7 20.h4 Rfc8 21.h5 Nc6 22.Qh4 Nc4
23.Na4 Nb4 24.Rc3 b5 25.Nc5 Qe8 26.Rh3 Bf8 27.Bg4 Bxc5 28.dxc5 Nc2 29.Rc1 Nd4
30.Bf6 Nxb2 31.Qg5 Nc4 32.Rd1 Nf5 33.Bxf5 exf5 34.Rxd5 Rxc5 35.Rxc5 Rxc5
36.Rd3 Rc8 37.f4 Qf8 38.Kh2 h6 39.Qg3 Kh7 40.hxg6+ fxg6 41.Rd7+  1-0

[Event "Dresden zt"]
[Site "Dresden"]
[Date "1998.??.??"]
[Round "4"]
[White "Atlas, Dimitry"]
[Black "Rogic, Davor"]
[Result "0-1"]
[WhiteElo "2315"]
[BlackElo "2445"]

1.e4 c5 2.c3 Nf6 3.d3 Nc6 4.f4 d6 5.Nf3 g6 6.g3 Bg7 7.Bg2 O-O 8.Na3 Rb8 9.O-O b5
10.Kh1 b4 11.cxb4 Nxb4 12.Nc2 Ba6 13.Nxb4 Rxb4 14.a3 Rb6 15.Qc2 Nd7 16.Rb1 Qb8
17.b3 Rc8 18.Be3 Bd4 19.Bg1 Nf8 20.Nd2 Bxg1 21.Rxg1 Ne6 22.Qc3 Nd4 23.Rge1 e5
24.Bf3 Nxf3 25.Nxf3 exf4 26.gxf4 c4 27.dxc4 Bxc4 28.Rec1 Be6 29.Qd4 Rxc1+
30.Rxc1 Rxb3 31.Ng5 Rb1 32.Qc3 Qb3 33.Qe1 Rxc1 34.Qxc1 Bc4 35.Kg2 d5 36.e5 d4
37.Kf2 Bd5 38.Qc8+ Kg7 39.Qh3 Qc2+ 40.Kg1 h6  0-1

[Event "Dresden zt"]
[Site "Dresden"]
[Date "1998.??.??"]
[Round "4"]
[White "Pavasovic, Dusko"]
[Black "Nedev, Trajce"]
[Result "0-1"]
[WhiteElo "2505"]
[BlackElo "2405"]

1.e4 c5 2.c3 Nf6 3.e5 Nd5 4.Nf3 Nc6 5.d4 cxd4 6.cxd4 d6 7.Bc4 e6 8.O-O Be7
9.Qe2 O-O 10.Re1 Bd7 11.Nc3 Nxc3 12.bxc3 dxe5 13.dxe5 Na5 14.Bd3 Bc6 15.Nd4 Bd5
16.Qg4 g6 17.Bh6 Re8 18.Bb5 Bc6 19.Rad1 Qb6 20.Bxc6 Nxc6 21.Nf3 Rad8 22.Qf4 Rxd1
23.Rxd1 Rd8 24.Re1 Qc5 25.Ng5 Nxe5 26.h4 Qxc3 27.Rc1 Qd4 28.Qg3 Bd6 29.Nf3 Nxf3+
30.Qxf3 Qxh4 31.Be3 b6 32.g3 Qe7 33.Bh6 Bc5 34.Rc4 e5 35.Rc1 Qe6 36.Bg5 Re8
37.Rd1 Kg7 38.a4 Qf5 39.Qxf5 gxf5 40.Rd7 Kg6 41.Bd2 Re7 42.Rd5 Bd4 43.Bb4 Rc7
44.Rd6+ f6  0-1

[Event "Dresden zt"]
[Site "Dresden"]
[Date "1998.??.??"]
[Round "7"]
[White "Sermek, Drazen"]
[Black "Soln, Primoz"]
[Result "1-0"]
[WhiteElo "2510"]
[BlackElo "2350"]

1.e4 c5 2.c3 Nf6 3.e5 Nd5 4.Nf3 d6 5.Bc4 Nb6 6.Bb3 Nc6 7.exd6 Qxd6 8.Na3 a6
9.d4 cxd4 10.O-O Bf5 11.Nxd4 Nxd4 12.cxd4 e6 13.Qf3 Qd7 14.d5 Nxd5 15.Rd1 Bxa3
16.bxa3 O-O 17.Bb2 Rad8 18.h4 f6 19.Rd4 Bg6 20.h5 Bf7 21.h6 Qe7 22.Re1 Nc7
23.Rg4 Bg6 24.Qxb7 Rf7 25.hxg7 Kxg7 26.a4 Rd7 27.Qf3 Rf8 28.Rc4 e5 29.Rc6 Rd3
30.Qg4 Nd5 31.Rxa6 Qb7 32.Rd6 Nf4 33.Rd1 Rxd6 34.Rxd6 Qe4 35.Kh2 Qe1 36.Qf3 Qb1
37.Ba3 Qf5 38.g4 Qg5 39.Rd7+ Rf7 40.Rxf7+ Bxf7 41.Bc1 Qh4+ 42.Kg1 Ne6 43.Be3  1-0

[Event "Dresden zt (Women)"]
[Site "Dresden"]
[Date "1998.??.??"]
[Round "8"]
[White "Werner, Isabel"]
[Black "Schmid, Shahanah"]
[Result "1-0"]
[WhiteElo "2215"]
[BlackElo "2130"]

1.e4 c5 2.c3 Nf6 3.e5 Nd5 4.d4 cxd4 5.Nf3 e6 6.cxd4 b6 7.Nc3 Nxc3 8.bxc3 Qc7
9.Bd2 d6 10.Bd3 Nd7 11.O-O dxe5 12.Ng5 Bb7 13.Qh5 g6 14.Qh3 Be7 15.Rfe1 h6
16.f4 Bxg5 17.fxg5 h5 18.Re2 Bd5 19.Bb5 Bc4 20.Bxd7+ Qxd7 21.Rxe5 Qa4 22.Qf3 Rd8
23.Qf6 Rf8 24.Bf4 Qa3 25.Re3 Qe7 26.Qe5 Rd5 27.Qe4 Kd7 28.a4 Ra5 29.Qb7+ Kd8
30.Qb8+  1-0

[Event "Dresden zt"]
[Site "Dresden"]
[Date "1998.??.??"]
[Round "11"]
[White "Sermek, Drazen"]
[Black "Nedev, Trajce"]
[Result "1/2-1/2"]
[WhiteElo "2510"]
[BlackElo "2405"]

1.e4 c5 2.c3 Nf6 3.e5 Nd5 4.Nf3 Nc6 5.Bc4 e6 6.d4 cxd4 7.cxd4 d6 8.O-O Be7
9.Qe2 O-O 10.Re1 Qb6 11.Qe4 dxe5 12.dxe5 Bc5 13.Re2 f5 14.exf6 Nxf6 15.Qh4 Rd8
16.Bb3 Nd4 17.Nxd4 Rxd4 18.Qh3 Re4 19.Be3 Bxe3 20.fxe3 Nd5 21.Kh1 Rxe3 22.Rxe3 Qxe3
23.Qxe3 Nxe3 24.Nc3 Bd7 25.Re1 Rf8 26.Kg1 Nf5 27.Bxe6+ Bxe6 28.Rxe6 Kf7 29.Re5 g6
30.g4 Ne7 31.Kf2 Rd8 32.Ke3 h6 33.h4 Rd6 34.a3 a6 35.b4 Nc6 36.Rc5 b6 37.Ne4 bxc5
38.Nxd6+ Ke6 39.bxc5 Ne5 40.Kd4 Nxg4 41.Nc4 g5 42.hxg5  1/2-1/2

[Event "BUL-ch"]
[Site "Dupnica"]
[Date "1998.??.??"]
[Round "7"]
[White "Papazov, Ivajlo"]
[Black "Stavrev, Nikolai"]
[Result "1/2-1/2"]
[WhiteElo "2285"]
[BlackElo "2310"]

1.e4 c5 2.c3 Nf6 3.e5 Nd5 4.d4 cxd4 5.Nf3 e6 6.cxd4 b6 7.Bd2 Ba6 8.Bxa6 Nxa6
9.Nc3 Nac7 10.Ne4 f5 11.exf6 Nxf6 12.Ng3 Bd6 13.O-O O-O 14.Bg5 Ncd5 15.Ne5 h6
16.Bd2 Ne7 17.f4 Qc7 18.Qf3 Qc2 19.Bc3 Bxe5 20.Rac1 Qg6 21.dxe5 Nfd5 22.Bd2 Nf5
23.Nxf5 Rxf5 24.g4 h5 25.b3 Raf8 26.Qg3 R5f7 27.Rf2 h4 28.Qxh4 Nxf4 29.Bxf4 Rxf4
30.Rcf1 Rxf2 31.Rxf2 Rc8 32.Qe7 Qe4 33.Qf7+ Kh8  1/2-1/2

[Event "Centrocoop June op-A"]
[Site "Eforie Nord "]
[Date "1998.??.??"]
[Round "?"]
[White "Moldovan, Zamfir"]
[Black "Vajda, Albert"]
[Result "0-1"]
[WhiteElo "2150"]
[BlackElo "2400"]

1.e4 c5 2.c3 Nf6 3.e5 Nd5 4.d4 cxd4 5.Qxd4 e6 6.Nf3 Nc6 7.Qe4 f5 8.exf6 Nxf6
9.Qh4 Be7 10.Bd3 O-O 11.Nbd2 d5 12.Qa4 e5 13.Bb5 e4 14.Nd4 Nxd4 15.Qxd4 Qc7
16.Nb3 Be6 17.Bg5 Ng4 18.Bxe7 Qxe7 19.O-O Qh4 20.h3 Nh6 21.Nc5 Bxh3 22.Qxd5+ Kh8
23.gxh3 Rf5 24.Qxf5 Nxf5 25.Bd7 Qg5+ 26.Kh1 Nh4  0-1

[Event "Centrocoop June op-A"]
[Site "Eforie Nord "]
[Date "1998.??.??"]
[Round "?"]
[White "Mirochnikov, Evgheni"]
[Black "Moldovan, Zamfir"]
[Result "0-1"]
[WhiteElo "2000"]
[BlackElo "2150"]

1.e4 c5 2.c3 Nf6 3.e5 Nd5 4.d4 cxd4 5.Nf3 Nc6 6.cxd4 d6 7.Bc4 e6 8.O-O Be7
9.Nc3 Nxc3 10.bxc3 dxe5 11.Nxe5 Nxe5 12.dxe5 O-O 13.Qg4 Kh8 14.Be3 Qc7 15.Qe4 Bd7
16.Bd3 g6 17.Bh6 Rfd8 18.Rac1 Bc6 19.Qe3 Rd5 20.Rfe1 Rad8 21.Bc4 Rc5 22.Bb3 a5
23.a4 Bd5 24.Bxd5 Rcxd5 25.Qf3 Kg8 26.Rb1 Rxe5 27.Rxe5 Qxe5 28.Qxb7 Bd6 29.f4 Bc5+
30.Kh1 Qh5 31.h3 Qxh6 32.Qc7 Qf8 33.Qxa5 Qd6 34.c4 Bf2 35.Rf1 Bg3 36.c5 Qd5
37.Qc3 Qd1 38.Qc4 Rd4 39.Qb5 Qxa4 40.Qb8+ Kg7 41.Qe5+ f6 42.Qxe6 Rxf4 43.Rb1 Qc4  0-1

[Event "Centrocoop June op-A"]
[Site "Eforie Nord "]
[Date "1998.??.??"]
[Round "?"]
[White "Kutnik, Alexandru"]
[Black "Moldovan, Zamfir"]
[Result "1-0"]
[WhiteElo "2270"]
[BlackElo "2150"]

1.e4 c5 2.c3 Nf6 3.e5 Nd5 4.d4 cxd4 5.Qxd4 e6 6.g3 Nc6 7.Qe4 f5 8.exf6 Nxf6
9.Qc2 Qc7 10.Bg2 Bc5 11.Nf3 d5 12.O-O O-O 13.Nbd2 e5 14.Nb3 Bb6 15.Be3 Bg4
16.Bxb6 Qxb6 17.h3 Bh5 18.Nh4 e4 19.c4 Nb4 20.Qc3 Rac8 21.c5 Qb5 22.Nf5 Rc7
23.Nfd4 Qa4 24.Ne6 Rfc8 25.Nxc7 Rxc7 26.f3 b6 27.fxe4 dxe4 28.Qe5 Rf7 29.Rxf6 gxf6
30.Qxh5 Nxa2 31.Qd5 bxc5 32.Nxc5  1-0

[Event "Centrocoop June op-A"]
[Site "Eforie Nord "]
[Date "1998.??.??"]
[Round "?"]
[White "Chernitsin, Ivan"]
[Black "Ghitescu, Theodor"]
[Result "1/2-1/2"]
[WhiteElo "2360"]
[BlackElo "2355"]

1.e4 c5 2.c3 Nf6 3.e5 Nd5 4.d4 cxd4 5.Nf3 e6 6.cxd4 Nc6 7.Bc4 d6 8.O-O Be7
9.Qe2 O-O 10.Nc3 dxe5 11.dxe5 Nxc3 12.bxc3 Qc7 13.Qe4 Rd8 14.Re1 b6 15.Ng5 g6
16.Qh4 h5 17.Qf4 Bxg5 18.Qxg5 Bb7 19.Bf4 Ne7 20.Be2 Nd5 21.Bg3 Qe7 22.Bh4 Qxg5
23.Bxg5 Rdc8 24.c4 Nc3 25.Bd3 Na4 26.Rab1 Rc7 27.Rb4 Nc5 28.Bf1 Rd7 29.Re3 Ne4
30.Bh4 Rc8 31.f3 Nc5 32.Ra3 Ba8 33.h3 Kg7 34.Bf6+ Kh6 35.Rb2 Bc6 36.g4 Ba4
37.gxh5 gxh5 38.Rg2 Rd1 39.Kf2 Rd2+ 40.Be2 Rb2 41.Bg5+ Kh7 42.Bc1 Rc2 43.Be3 b5
44.Kf1 Rxe2 45.Kxe2 b4  1/2-1/2

[Event "Centrocoop Sept op-B"]
[Site "Eforie Nord"]
[Date "1998.??.??"]
[Round "?"]
[White "Susterman, Bela"]
[Black "Voicu, Carmen"]
[Result "0-1"]
[WhiteElo "2015"]
[BlackElo "2120"]

1.e4 c5 2.c3 Nf6 3.e5 Nd5 4.d4 cxd4 5.Qxd4 e6 6.Nf3 Nc6 7.Qe4 d6 8.Bb5 Bd7
9.exd6 Bxd6 10.O-O Qc7 11.c4 Nf6 12.Qe2 h6 13.Nc3 O-O-O 14.Be3 Kb8 15.Bxc6 Bxc6
16.Nb5 Bxb5 17.cxb5 Nd5 18.Rfc1 Qe7 19.a4 e5 20.a5 f5 21.Bd2 g5 22.Rc2 e4
23.Ne1 h5 24.Rac1 h4 25.Qc4 Bc7 26.Bc3 Rh7 27.Bd4 Qd6 28.g3 hxg3 29.fxg3 f4
30.Bxa7+ Kxa7 31.b6+ Bxb6+ 32.axb6+ Qxb6+ 33.Qc5 f3 34.Ra1+ Kb8 35.Qxb6 Nxb6
36.Rc5 Rd2 37.Nc2 Rg2+  0-1

[Event "Centrocoop June op-B"]
[Site "Eforie Nord"]
[Date "1998.??.??"]
[Round "?"]
[White "Nicolescu, Ilie"]
[Black "Veneteanu, Ion Cristian"]
[Result "0-1"]
[WhiteElo "1800"]
[BlackElo "2150"]

1.e4 c5 2.c3 Nf6 3.e5 Nd5 4.d4 cxd4 5.cxd4 d6 6.Bc4 Nb6 7.Bb5+ Bd7 8.Qe2 Nc6
9.Nf3 dxe5 10.Nxe5 Nxd4 11.Nxd7 Nxd7 12.Bxd7+ Qxd7 13.Qe4 f5 14.Qd3 e5 15.O-O Be7
16.Re1 e4 17.Qd1 O-O 18.Be3 Bf6 19.Nc3 Rfd8 20.Bxd4 Bxd4 21.Qb3+ Qf7 22.Qb5 a6
23.Qb4 Rac8 24.Rad1 Ba7 25.Qa5 Rd4 26.Nd5 h6 27.Rxd4 Bxd4 28.g3 Rc5 29.Qd8+ Kh7
30.Nb6 Bf6 31.Qd7 Qxa2 32.Qd6 Rc6 33.Qb4 Qxb2  0-1

[Event "Centrocoop Sept op-A"]
[Site "Eforie Nord"]
[Date "1998.??.??"]
[Round "?"]
[White "Seder, Nicolae"]
[Black "Banea, Marian"]
[Result "1/2-1/2"]
[WhiteElo "2300"]
[BlackElo "2210"]

1.e4 c5 2.c3 Nf6 3.e5 Nd5 4.d4 cxd4 5.Nf3 e6 6.Qxd4 Nc6 7.Qe4 d6 8.Bb5 Bd7
9.exd6 Bxd6 10.O-O O-O 11.c4 Nf6 12.Qe2 a6 13.Ba4 Qa5 14.Nc3 Bb4 15.Bc2 Bxc3
16.bxc3 e5 17.Bd2 Bg4 18.h3 Bh5 19.Qe3 Rfd8 20.Ne1 Rac8 21.g4 Bg6 22.Bb3 Ne4
23.Rd1 Qc5 24.Qxc5 Nxc5 25.Be3 Rxd1 26.Bxd1 Na5 27.f4 exf4 28.Rxf4 Ne6 29.Rf3 Nxc4
30.Bb3 Ne5 31.Rf1 Rxc3 32.Ng2 Be4 33.Rc1 Rxc1+ 34.Bxc1 Nd4 35.Bd1 Bc2 36.Bxc2 Nxc2
37.Kf1 Nb4 38.a3 Nbd3 39.Be3 Nc4 40.Ke2 Nxe3 41.Kxe3 Nb2 42.Kd4 f6 43.Ne3 Kf7
44.Kc5 Na4+ 45.Kd6 Nc3 46.Nc2 Nb5+ 47.Kd7 g6 48.a4 Nc3 49.a5 Nb5 50.Ne3 h5
51.gxh5 gxh5 52.h4 Kg6 53.Kc8 Nd6+ 54.Kc7 Nf5 55.Ng2 Nd4 56.Nf4+ Kf5 57.Nxh5 Nb3
58.Kxb7  1/2-1/2

[Event "Eger Agria op"]
[Site "Eger Agria"]
[Date "1998.??.??"]
[Round "6"]
[White "Villard, Patrick"]
[Black "Veress, Robert"]
[Result "1/2-1/2"]
[WhiteElo "2105"]
[BlackElo "2270"]

1.e4 c5 2.c3 Nf6 3.e5 Nd5 4.g3 d6 5.exd6 Qxd6 6.Bg2 Nc6 7.Na3 e6 8.Nf3 Be7
9.O-O O-O 10.Nc4 Qc7 11.d4 cxd4 12.cxd4 b5 13.Nce5 Bb7 14.Qe2 a6 15.Bd2 Rad8
16.Rac1 Qb6 17.Nxc6 Bxc6 18.Be3 Bb7 19.Ne5 Bd6 20.Ng4 Nxe3 21.fxe3 Bxg2 22.Kxg2 f5
23.Nf2 e5 24.dxe5 Bxe5 25.Rfd1 Qb7+ 26.Kg1 Rde8 27.Qd2 Bf6 28.Re1 Qf3 29.Qe2 Qd5
30.b3 Bg5 31.Nd1 Re6 32.Qg2 Qd7 33.h4 Bh6 34.Rc2 Rfe8 35.Rce2 Re4 36.Qf3 Qe6
37.Kg2 g6 38.h5 Bg5 39.Kf2 Bf6 40.Kf1 Bg5 41.Kf2 Rb4  1/2-1/2

[Event "FRA-chJM5"]
[Site "FRA"]
[Date "1998.??.??"]
[Round "6"]
[White "Louis, Jean Philipp"]
[Black "Fantin, Ludwig"]
[Result "1-0"]
[WhiteElo "2070"]
[BlackElo "2165"]

1.e4 c5 2.c3 Nf6 3.d3 Nc6 4.f4 g6 5.Nf3 d6 6.g3 Bg7 7.Bg2 O-O 8.Qc2 e5 9.O-O b5
10.Kh1 Qc7 11.Be3 Ne7 12.Nbd2 Bb7 13.f5 gxf5 14.Nh4 Ng4 15.Bg1 fxe4 16.dxe4 d5
17.Nf5 Nxf5 18.Rxf5 Qd7 19.Raf1 d4 20.Nb3 Qe7 21.Na5 Bc8 22.Rh5 Be6 23.h3 Nf6
24.Rxe5 Qc7 25.Rg5 h6 26.Rxg7+ Kxg7 27.b4 Qxg3 28.bxc5 Bxh3 29.Bxd4 Rg8 30.Rxf6 Kf8
31.Bxh3 Qxh3+ 32.Qh2 Qg4 33.Qd6+ Ke8 34.Qc6+  1-0

[Event "FRA-chJM6"]
[Site "FRA"]
[Date "1998.??.??"]
[Round "6"]
[White "Rainfray, Arnaud"]
[Black "Saez, Frederic"]
[Result "1-0"]
[WhiteElo "2270"]
[BlackElo "2160"]

1.e4 c5 2.c3 Nf6 3.e5 Nd5 4.d4 cxd4 5.Nf3 Nc6 6.Bc4 Nb6 7.Bb3 g6 8.Ng5 d5
9.exd6 e6 10.cxd4 Bg7 11.Ne4 h6 12.O-O Nxd4 13.Be3 Nxb3 14.axb3 Bd7 15.Nbc3 O-O
16.Qd2 Kh7 17.Bd4 Re8 18.f4 f6 19.Qf2 Bc6 20.Rxa7 Nd7 21.Rxa8 Qxa8 22.Nc5 b5
23.Nxd7 Bxd7 24.Rd1 b4 25.Na4 Bxa4 26.bxa4 Qxa4 27.Qd2 e5 28.Bc5 Qd7 29.Ra1 exf4
30.Ra7 Qb5 31.Rc7 Re2 32.Qd1 f3 33.gxf3 Re8 34.d7 Rd8 35.Qd5 h5 36.Qe6 Ra8
37.Qe1 Qd3 38.Rc8 Qxf3 39.Rxa8 Qg4+ 40.Qg3 Qd1+ 41.Kg2  1-0

[Event "FRA-chJM6"]
[Site "FRA"]
[Date "1998.??.??"]
[Round "7"]
[White "Rainfray, Arnaud"]
[Black "Le Roux, Jean Pierre"]
[Result "1/2-1/2"]
[WhiteElo "2270"]
[BlackElo "2275"]

1.e4 c5 2.c3 Nf6 3.e5 Nd5 4.d4 cxd4 5.Nf3 Nc6 6.Bc4 Nb6 7.Bb3 g6 8.cxd4 d5
9.h3 Bg7 10.O-O O-O 11.a3 f6 12.Re1 fxe5 13.Nxe5 Nxe5 14.dxe5 e6 15.Nd2 Bd7
16.Nf3 Rc8 17.Be3 Nc4 18.Bxc4 Rxc4 19.Rc1 Rxc1 20.Qxc1 Qa5 21.Bd2 Qb6 22.Bc3 Rc8
23.Qd2 Qc7 24.Nh2 Bc6 25.Ng4 Qf7 26.Re3 Qf4 27.Bd4 Ba4 28.g3 Qf8 29.b3 Bb5
30.a4 Ba6 31.Qd1 Qa3 32.Kh2 b6 33.Qd2 Qc1 34.Qxc1 Rxc1 35.Nf6+ Kh8 36.Rc3 Rxc3
37.Bxc3 Bxf6 38.exf6 Kg8 39.g4 Bd3 40.b4 a5 41.bxa5  1/2-1/2

[Event "FRA-chJM5"]
[Site "FRA"]
[Date "1998.??.??"]
[Round "8"]
[White "Louis, Jean Philipp"]
[Black "Eusebe, Aurelien"]
[Result "0-1"]
[WhiteElo "2070"]
[BlackElo "2170"]

1.e4 c5 2.c3 Nf6 3.d3 Nc6 4.f4 g6 5.Nf3 Bg7 6.g3 O-O 7.Bg2 d5 8.e5 Ng4 9.h3 Nh6
10.g4 d4 11.c4 f6 12.exf6 exf6 13.O-O f5 14.g5 Nf7 15.a3 Re8 16.Re1 Bf8 17.Rxe8 Qxe8
18.Qe1 Qxe1+ 19.Nxe1 Bd7 20.Nc2 a5 21.a4 Re8 22.Nba3 Bd6 23.Kf2 Nfd8 24.Nb5 Bb8
25.Bd2 Kg7 26.Bd5 h6 27.h4 hxg5 28.hxg5 Rh8 29.Kg3 Rh5 30.Bf3 Rh8 31.Bd5 Nf7
32.Bxf7 Kxf7 33.Ne1 Rh1 34.Nc2 Rh5 35.Kf3 Rh3+ 36.Kg2  0-1

[Event "FRA-chJM5"]
[Site "FRA"]
[Date "1998.??.??"]
[Round "8"]
[White "Bujisho, Benjamin"]
[Black "Grill, Marc"]
[Result "1-0"]
[WhiteElo "2250"]
[BlackElo "2165"]

1.e4 c5 2.c3 Nf6 3.e5 Nd5 4.d4 cxd4 5.Nf3 d6 6.cxd4 Nc6 7.Bc4 Nb6 8.Bb5 a6
9.Bxc6+ bxc6 10.O-O g6 11.Nc3 Bg7 12.Bf4 d5 13.h3 O-O 14.Qc1 Re8 15.Bh6 Bh8
16.Qf4 Bf5 17.g4 Be6 18.Ng5 Qd7 19.Qg3 f6 20.Nxe6 Qxe6 21.f4 f5 22.Nd1 Nc4
23.Rf2 Qf7 24.b3 Nb6 25.Rc1 Rac8 26.Rfc2 fxg4 27.hxg4 Qe6 28.f5 Qf7 29.Nf2 Bg7
30.Bxg7 Kxg7  1-0

[Event "Oberliga Sued W9798"]
[Site "GER"]
[Date "1998.??.??"]
[Round "?"]
[White "Haas, Frank"]
[Black "Pax, Horst"]
[Result "1-0"]
[WhiteElo "2200"]
[BlackElo "2170"]

1.e4 c5 2.c3 Nf6 3.e5 Nd5 4.d4 cxd4 5.Nf3 e6 6.cxd4 b6 7.Nc3 Nxc3 8.bxc3 Qc7
9.Bd2 Bb7 10.Bd3 d6 11.O-O Nd7 12.Re1 dxe5 13.Nxe5 Nxe5 14.Rxe5 Bd6 15.Rh5 g6
16.Rh3 Qc6 17.f3 Qd7 18.Bg5 Be7 19.Bxe7 Kxe7 20.Qd2 f5 21.Qh6 Kf7 22.Qxh7+ Rxh7
23.Rxh7+ Ke8 24.Rh8+ Ke7 25.Rh7+ Kd6 26.Rxd7+ Kxd7 27.Kf2 Kd6 28.h4 Rc8 29.Rc1 e5
30.Ke3 Re8 31.dxe5+ Kxe5 32.Bb5 f4+ 33.Kf2 Rd8 34.Re1+ Kf6 35.Re8 Rd2+ 36.Re2 Rd5
37.Bc4 Rc5 38.Bb3 Bd5 39.Bxd5 Rxd5 40.Rc2 Rd1 41.c4 Rh1 42.c5 bxc5 43.Rxc5 Rxh4
44.Rc6+ Kf5 45.Rc7 Rh1 46.Rxa7 Rb1 47.Ra5+ Kf6 48.a4 g5 49.Ra8 Ra1 50.a5 Ra2+
51.Kg1 g4 52.fxg4 Kg5 53.a6 Kh4 54.g5 Kg3 55.Kf1 Ra1+ 56.Ke2 Kxg2 57.g6 f3+
58.Kd2 f2 59.g7 Rd1+ 60.Kc3 Rd3+ 61.Kb4 f1=Q 62.g8=Q+ Rg3 63.Qd5+ Kg1 64.Rg8 Qb1+
65.Kc5 Qc1+ 66.Kb6 Qb1+ 67.Kc6 Qc2+ 68.Kd6 Rg6+ 69.Rxg6+ Qxg6+ 70.Qe6 Qd3+
71.Kc7 Qc3+ 72.Kd8 Qd4+ 73.Ke8 Qh8+ 74.Kf7 Qb8 75.Qe3+ Kf1 76.a7 Qb7+ 77.Qe7 Qd5+
78.Kf8 Qa8+ 79.Kg7 Qg2+ 80.Kh6 Qh1+ 81.Kg6 Qg1+ 82.Kf7 Qg2 83.Qf6+  1-0

[Event "Hessenliga 9899"]
[Site "GER"]
[Date "1998.??.??"]
[Round "?"]
[White "Kersten, Uwe"]
[Black "Reus, Rudolf"]
[Result "1-0"]
[WhiteElo "2400"]
[BlackElo "2320"]

1.e4 c5 2.c3 Nf6 3.e5 Nd5 4.d4 cxd4 5.Nf3 e6 6.cxd4 b6 7.Nc3 Nxc3 8.bxc3 Qc7
9.Bd2 Bb7 10.Bd3 d6 11.O-O Nd7 12.Re1 Be7 13.Bf4 dxe5 14.Nxe5 Nxe5 15.Bxe5 Bd6
16.Bb5+ Kf8 17.Qd2 Rd8 18.Bd3 h5 19.h4 Bxe5 20.Rxe5 Rd5 21.Rxd5 Bxd5 22.c4 Bb7
23.Qg5 Rh6 24.Re1 Rf6 25.Re5 Qd6 26.Qe3 g6 27.c5 bxc5 28.dxc5 Qc6 29.Qh6+ Kg8
30.Be4 Qc7 31.Qg5 Kg7 32.c6 Ba6 33.g3 Bc4 34.Rc5 Bd5 35.Bxd5 exd5 36.Qxd5 Kh7
37.Rc2 Rd6 38.Qf3 Rd8 39.Kg2 Rc8 40.Qf6 Kg8 41.Kh2 Qd8 42.Qc3 Rc7 43.Rd2 Qe7
44.Rd5 Kh7 45.Qc2 Kg7 46.Kg2 Qf6 47.Rc5 Qd4 48.Qc3 Qxc3 49.Rxc3 Kf6 50.Kf3 Ke5
51.Ke3 f6 52.f3 f5 53.Rc5+ Kd6 54.Kd4 a5 55.Rd5+ Ke6 56.Kc5 Rc8 57.f4 Rg8
58.Re5+ Kf7 59.c7  1-0

[Event "BL2-S9798"]
[Site "Germany"]
[Date "1998.??.??"]
[Round "?.6"]
[White "Heika, Martin"]
[Black "Oberst, Thomas"]
[Result "1-0"]
[WhiteElo "2260"]
[BlackElo "2315"]

1.e4 c5 2.c3 Nf6 3.e5 Nd5 4.d4 cxd4 5.Nf3 e6 6.cxd4 b6 7.Nc3 Nxc3 8.bxc3 Bb7
9.Bd3 Qc7 10.O-O h6 11.Be3 Nc6 12.Qe2 Rc8 13.Nd2 Ne7 14.Rac1 g6 15.Ne4 Bxe4
16.Bxe4 Bg7 17.c4 O-O 18.Qd2 d6 19.f4 Qd7 20.Qf2 d5 21.cxd5 Nxd5 22.Bd2 Rfd8
23.g4 Rxc1 24.Rxc1 Qa4 25.Rc2 Ne7 26.Be3 Qd7 27.Qf3 Rc8 28.Rd2 Rc3 29.Qe2 Nd5
30.Bxd5 Qxd5 31.Kf2 Qh1 32.Kg3 Qe4 33.Kf2 Bf8 34.Qf3 Qb1 35.f5 Be7 36.fxe6 Bh4+
37.Kg2 fxe6 38.Qa8+ Kh7 39.Qxa7+ Kg8 40.Qa8+ Kh7 41.Qb7+ Kg8 42.Bxh6 Rc7
43.Qb8+ Kh7 44.Qxc7+ Kxh6 45.Qc2 Qe1 46.Re2 Qb4  1-0

[Event "BL2-S9798"]
[Site "Germany"]
[Date "1998.??.??"]
[Round "?.2"]
[White "Mann, Christian"]
[Black "Panzalovic, Srdjan"]
[Result "1-0"]
[WhiteElo "2460"]
[BlackElo "2415"]

1.e4 c5 2.c3 Nf6 3.e5 Nd5 4.d4 cxd4 5.cxd4 e6 6.Be2 d6 7.Nf3 Nc6 8.O-O dxe5
9.dxe5 Qc7 10.Nc3 Nxc3 11.bxc3 Be7 12.Re1 b6 13.Bd3 Bb7 14.Qc2 h6 15.a4 Rd8
16.Bf4 O-O 17.h4 Rd7 18.h5 Rfd8 19.Rad1 Bc5 20.Qe2 Ne7 21.Bb1 Nd5 22.Bd2 Kf8
23.c4 Nb4 24.Bf4 Qc6 25.Rxd7 Rxd7 26.Bc2 Nxc2 27.Qxc2 Rd4 28.Be3 Rg4 29.Bxc5+ Qxc5
30.Qd3 Kg8 31.Qd8+ Qf8 32.Qd3 Bxf3 33.Qxf3 Rxc4 34.Rd1 Qc8 35.Rd6 Rxa4 36.Qd1 Qc4
37.Rd8+ Kh7 38.Rd7 Qf4 39.g3 Qf5 40.Qxa4  1-0

[Event "BL2-S9798"]
[Site "Germany"]
[Date "1998.??.??"]
[Round "?.2"]
[White "Schoellmann, Jochen"]
[Black "Rausis, Igors"]
[Result "0-1"]
[WhiteElo "2370"]
[BlackElo "2490"]

1.e4 c5 2.c3 Nf6 3.e5 Nd5 4.Nf3 e6 5.d4 cxd4 6.cxd4 d6 7.Bc4 Nc6 8.O-O Be7
9.Qe2 O-O 10.Nc3 Nxc3 11.bxc3 dxe5 12.dxe5 Qa5 13.Qe4 Qa4 14.Bg5 h6 15.Bxe7 Nxe7
16.Rfd1 Qc6 17.Qxc6 Nxc6 18.Rd6 Na5 19.Bb5 b6 20.Nd4 Nb7 21.Rc6 Nc5 22.Rc7 Bb7
23.Bc6 Rac8 24.Rxb7 Nxb7 25.Bxb7 Rxc3 26.a4 Rd8 27.Nf3 Ra3 28.Rc1 Rxa4 29.g3 Rb4
30.Ba6 b5 31.Kg2 Rb2 32.Rc7 g5 33.h3 b4 34.Rxa7 Ra2 35.Rb7 Rxa6 36.Rxb4 Kh7
37.h4 Rg8 38.Rg4 gxh4 39.Rxh4 Ra5 40.Rf4 Kg7 41.Rg4+ Kh7 42.Rf4 Rf8 43.Rb4 Rfa8
44.Re4 Ra4 45.Re2 Ra2 46.Re3 R8a3 47.Re4 Ra4 48.Re3 Rb2 49.Ng1 Kg7 50.Re1 Raa2
51.Rf1 Kg6 52.g4 Rb4 53.Kg3 Re4 54.f4 Ra3+ 55.Kh4 Ree3 56.Rf2 Rg3 57.f5+ Kg7
58.Rf1 Rge3 59.g5 hxg5+ 60.Kxg5 Rxe5  0-1

[Event "BL9798 (Women)"]
[Site "Germany"]
[Date "1998.??.??"]
[Round "?.1"]
[White "Werner, Veronika"]
[Black "Lopatina, Olga"]
[Result "1-0"]
[WhiteElo "2225"]
[BlackElo "2105"]

1.e4 c5 2.c3 Nf6 3.e5 Nd5 4.d4 e6 5.Nf3 cxd4 6.cxd4 b6 7.Nc3 Nxc3 8.bxc3 Qc7
9.Bd2 d6 10.Bd3 Nd7 11.O-O dxe5 12.Ng5 Bb7 13.Qh5 Nf6 14.Bb5+ Kd8 15.Qxf7 Qxf7
16.Nxf7+ Ke7 17.Nxh8 Ne4 18.Rad1 exd4 19.cxd4 Kf6 20.Bd3 Nxd2 21.Rxd2 Bd6
22.Re2 Rxh8 23.Bc4 Bd5 24.Bxd5 exd5 25.Rc1 Kf7 26.Rc6 Rd8 27.g3 Rd7 28.Kg2 Rd8
29.Re3 Rd7 30.Rc8 Be7 31.f3 Bf6 32.Rd3 h5 33.Kf2 h4 34.Rd1 Be7 35.Rc2 Bd6
36.gxh4 Bxh2 37.Ke3 Bg3 38.h5 Re7+ 39.Kd3 Bf4 40.Re2 Rd7 41.Rg1 Rd6 42.Reg2 Bh6
43.Rg6 Rd7 44.Re1 Bf4 45.Rg4  1-0

[Event "Oberliga Nord O9798"]
[Site "Germany"]
[Date "1998.??.??"]
[Round "?"]
[White "Rahls, Peter"]
[Black "Zierke, Oliver"]
[Result "0-1"]
[WhiteElo "2245"]
[BlackElo "2240"]

1.e4 c5 2.c3 Nf6 3.e5 Nd5 4.d4 cxd4 5.cxd4 e6 6.Nf3 b6 7.Nc3 Nxc3 8.bxc3 Qc7
9.Bd2 Bb7 10.Bd3 d6 11.O-O Nd7 12.Re1 Be7 13.exd6 Bxd6 14.h3 O-O 15.c4 Be7
16.Rc1 Bf6 17.Bb1 Rac8 18.Ng5 g6 19.d5 exd5 20.Nxh7 dxc4 21.Nxf8 Nxf8 22.Bc3 Bxc3
23.Rxc3 b5 24.Rce3 Rd8 25.Qg4 Bd5 26.Re7 Qa5 27.Re8 Rxe8 28.Rxe8 Be6 29.Qd4 Qe1+
30.Kh2 Qxb1 31.Qd6 Qb2 32.Qxf8+ Kh7 33.Qc5 Qf6 34.Ra8 c3 35.Rxa7 Bc4 36.Ra3 c2
37.Qe3 b4 38.Ra8 Qc3 39.Qc1 Bd5 40.Ra4 Qe5+ 41.Kg1 Qe4 42.Kf1 Qd3+ 43.Ke1 Bc4  0-1